| 000 | 01317nam a2200313 a 4500 | ||
|---|---|---|---|
| 001 | ebr10575526 | ||
| 003 | CaPaEBR | ||
| 006 | m u | ||
| 007 | cr cn||||||||| | ||
| 008 | 120710s2012 gw ad sb 001 0 eng d | ||
| 020 | _z9783527330157 | ||
| 020 | _z9783527654338 (e-book) | ||
| 040 |
_aCaPaEBR _cCaPaEBR |
||
| 035 | _a(OCoLC)802050117 | ||
| 050 | 1 | 4 |
_aRS403 _b.B76 2012eb |
| 245 | 0 | 0 |
_aBioisosteres in medicinal chemistry _h[electronic resource] / _cedited by Nathan Brown. |
| 260 |
_aWeinheim, Germany : _bWiley-VCH, _c2012. |
||
| 300 |
_axviii, 237 p. : _bill. |
||
| 490 | 1 |
_aMethods and principles in medicinal chemistry ; _vv. 54 |
|
| 504 | _aIncludes bibliographical references and index. | ||
| 505 | 0 | _apt. 1. Principles -- pt. 2. Data -- pt. 3. Methods -- pt. 4. Applications. | |
| 533 |
_aElectronic reproduction. _bPalo Alto, Calif. : _cebrary, _d2013. _nAvailable via World Wide Web. _nAccess may be limited to ebrary affiliated libraries. |
||
| 650 | 0 | _aPharmaceutical chemistry. | |
| 655 | 7 |
_aElectronic books. _2local |
|
| 700 | 1 | _aBrown, Nathan. | |
| 710 | 2 | _aebrary, Inc. | |
| 830 | 0 |
_aMethods and principles in medicinal chemistry ; _vv. 54. |
|
| 856 | 4 | 0 |
_uhttp://site.ebrary.com/lib/rucke/Doc?id=10575526 _zAn electronic book accessible through the World Wide Web; click to view |
| 999 |
_c78171 _d78171 |
||